zpět

Detail výsledku týmu

Pub Na Plech - Žižkov, Praha

Datum a čas kvízu

35 Celkem bodů Celkový počet nahraných bodů na tomto kvízu bez doplňovacích otázek.
2. Pořadí na kvízu Konečné umístění týmu na tomto kvízu.

Zaznamenané odpovědi

# Otázka Odpověď Body Výsledky
1. Jak se jmenuje hejtman, který... Jan Krkoška, Moravskoslezský kraj 0
2. Historicky prvním premiérem ev... Wales 0
3. Jak se nazývá známé pražské di... Ypsilon 0
4. Český statistický úřad zveřejn... C) hlávkové zelí 0
5. Ester Ledecká si k sobotním n... 29. narozeniny (28. a 30. za půl bodu) 0
6. Toto literární téma vyhrálo mi... Malý princ 1
7. Děj knihy se odehrává během tř... Kdo chytá v žitě, J. D. Salinger 0
8. Přiřaďte klasická díla ruské l... 1C 2D 3B 4A 0
9. Mezi nejčtenější knihy světa s... A 1
10. Na závěr se zaměříme na novějš... Dívka ve vlaku 0